000 00300nam a22001337a 4500
020 _a0-09-926699-7
082 _a823
_bHUG/S
100 _aHUGHES
245 _aTHE CHARLIE MOON COLLECTION
260 _aUNITED KINGDOM
_bRED FOX
_c1988
300 _a149
650 _aNOVEL
_zUNITED KINGDOM
942 _cBK
999 _c3309
_d3309